Second-grade -- friends again! / (Record no. 3879)

MARC details
000 -LEADER
fixed length control field 01211cam a22003373a 4500
005 - DATE AND TIME OF LATEST TRANSACTION
control field 20240524140821.0
020 ## - INTERNATIONAL STANDARD BOOK NUMBER
International Standard Book Number 9780590459068 (pbk.)
020 ## - INTERNATIONAL STANDARD BOOK NUMBER
International Standard Book Number 0590459066 (pbk.)
040 ## - CATALOGING SOURCE
Original cataloging agency EOW
Transcribing agency EOW
Modifying agency SLC
-- OCL
-- BAKER
-- BTCTA
-- EHH
-- OCLCQ
-- OCLCG
-- VVW
-- JQD
-- DLC
Language of cataloging eng
050 00 - LIBRARY OF CONGRESS CALL NUMBER
Classification number PZ7.C6628
082 ## - DEWEY DECIMAL CLASSIFICATION NUMBER
Classification number 197
100 1# - MAIN ENTRY--PERSONAL NAME
Personal name Cohen, Miriam
Dates associated with a name 1926-
245 10 - TITLE STATEMENT
Title Second-grade -- friends again! /
Statement of responsibility, etc. by Miriam Cohen ; illustrated by Diane Palmisciano
250 ## - EDITION STATEMENT
Edition statement First Scholastic printing, March 1994
260 ## - PUBLICATION, DISTRIBUTION, ETC.
Place of publication, distribution, etc. New York :
Name of publisher, distributor, etc. Scholastic,
Date of publication, distribution, etc. 1994
300 ## - PHYSICAL DESCRIPTION
Extent 78 pages :
Other physical details illustrations ;
Dimensions 20 cm.
490 0# - SERIES STATEMENT
Series statement Little Apple
490 0# - SERIES STATEMENT
Series statement Little Apple Fiction
500 ## - GENERAL NOTE
General note "A Little Apple paperback."
505 ## - FORMATTED CONTENTS NOTE
Formatted contents note N <br/>
520 ## - SUMMARY, ETC.
Summary, etc. Jacob feels sad and alone. He wishes he could take back what he called Honey. But mean words can stick to a person. Will anyone ever be Jacob's friend again?
521 ## - TARGET AUDIENCE NOTE
Target audience note 590 <br/>
Source Lexile <br/>
521 ## - TARGET AUDIENCE NOTE
Target audience note N <br/>
Source Raz-Plus <br/>
650 #0 - SUBJECT ADDED ENTRY--TOPICAL TERM
Topical term or geographic name entry element Young readers.
650 #0 - SUBJECT ADDED ENTRY--TOPICAL TERM
Topical term or geographic name entry element Friendship
Form subdivision Fiction.
655 #7 - INDEX TERM--GENRE/FORM
Genre/form data or focus term Children's stories.
Source of term lcsh
700 1# - ADDED ENTRY--PERSONAL NAME
Personal name Palmisciano, Diane
Relator term illustrator
906 ## - LOCAL DATA ELEMENT F, LDF (RLIN)
a 7
b cbc
c copycat
d 2
e ncip
f 20
g y-genrareb
942 ## - ADDED ENTRY ELEMENTS (KOHA)
Source of classification or shelving scheme Dewey Decimal Classification
Koha item type Books
Suppress in OPAC No
999 ## -
-- 3879
-- 3879
Holdings
Withdrawn status Lost status Source of classification or shelving scheme Damaged status Not for loan Collection Home library Current library Shelving location Date acquired Total Checkouts Full call number Barcode Date last seen Price effective from Koha item type
    Dewey Decimal Classification     Juvenile Fiction Footprints International School Library Network Toul Kork Campus Footprints International School Library Network Toul Kork Campus   05/20/2024   COH 197 PZ7.C6628 2024-0656 05/20/2024 05/20/2024 Books